[Event "V Sunway Sitges Open 2018"]
[Site "Sitges"]
[Date "2018.12.17"]
[Round "4"]
[White "Ahlander, Bjorn"]
[Black "Praggnanandhaa, R."]
[Result "0-1"]
[WhiteElo "2417"]
[BlackElo "2530"]
[Annotator "TA"]
[PlyCount "130"]
[EventDate "2018.12.14"]
[EventType "swiss"]
[EventCountry "ESP"]
[SourceTitle "playchess.com"]
[Source "ChessBase"]
[SourceQuality "1"]

{[%evp 16,130,9,8,8,8,8,9,12,0,26,15,17,12,24,10,25,0,0,0,0,0,0,0,0,0,0,0,0,5,0,-6,0,-10,-10,-9,79,75,83,39,46,56,47,47,70,52,70,71,100,38,94,23,0,-68,-72,-140,-152,-170,-110,-129,-90,-97,-43,-43,-43,-44,-44,-72,0,0,0,-77,-74,-125,-135,-233,-75,-77,-60,-181,-177,-212,-212,-222,-220,-388,-390,-395,-389,-384,-388,-382,-344,-262,-260,-322,-103,-184,-184,-368,-374,-408,-387,-767,-765,-756,-755,-755,-734,-674,-688,-1965,-1899,-1960,-1797,-1425,-1328]} 1. d4 d5 2. Nf3 Bf5 3. g3 Nc6 4. Bg2 Nb4 5. Na3 {[%cal Bb1a3,Ba3c2,Bc2e1,Be1d3][%mdl 32]} e6 6. O-O Be7 7. c3 {D02: 1 d4 d5 2 Nf3 sidelines, including 2...Nf6 3 g3 and 2...Nf6 3 Bf4} Nc6 8. Nc2 (8. Qb3 Rb8 9. Qa4 Nf6 10. b4 Nd7 11. Nd2 O-O 12. e4 Nb6 13. Qb3 Bg6 14. Nc2 a5 {½-½ (52) Meier,G (2655)-Nisipeanu,L (2672) Germany 2018}) 8... Nf6 9. Nce1 {LiveBook: 3 Games. The position is equal.} h6 10. Nd3 O-O 11. a4 a5 12. b3 Bd6 $146 ({Predecessor:} 12... Nd7 13. Nd2 Bxd3 14. exd3 Bd6 {½-½ (51) Lombardy,W-Bisguier,A New York,NY 1974}) 13. Bb2 Be4 14. Re1 Qb8 15. c4 Nb4 16. Rc1 (16. Nfe5 {is more complex.} Bxg2 17. Kxg2 b6 18. Rc1 Na2 19. Rc2) 16... Nxd3 17. exd3 Bxf3 18. Bxf3 c6 19. Qc2 Ne8 20. Bc3 $36 {[%mdl 2048] White has some pressure.} Qd8 21. c5 Be7 22. Rb1 b6 23. b4 axb4 24. Bxb4 {cxb6 is the strong threat.} bxc5 25. dxc5 Nf6 (25... Bf6 $11) 26. d4 $16 Nd7 27. Bd1 Bf6 28. Bc3 Qc7 29. f4 g6 30. Qd3 Bg7 31. Bc2 Nf6 32. Qd1 (32. a5 $16) 32... Qa7 (32... Rfb8 $14) 33. a5 ({Better is} 33. Qd2 $16) 33... Nd7 $1 $11 34. Rb6 ({White should play} 34. Bb4 $11) 34... Nxc5 $1 $15 35. Qd2 ({But not} 35. Rxc6 Rfc8 $17) (35. Kg2 $142) 35... Nb7 $17 {[%cal Rb7a5]} 36. Ra1 Nd6 (36... c5 $19 {White must now prevent ...cxd4.} 37. dxc5 Bxc3 38. Qxc3 Rfc8) 37. Bd3 Rfb8 38. Rab1 Nc8 (38... Rc8 $17) 39. Rxb8 $15 Rxb8 40. Rxb8 Qxb8 41. Kg2 Bf6 ({Black should try} 41... Qb3 $17) 42. Qc2 $11 Kg7 43. Qa4 (43. a6 $11 {keeps the balance.}) 43... c5 $1 $17 44. Ba6 (44. Bb5 $142) 44... Na7 $1 45. Qa3 {[#]} (45. Bd3 $17 {might work better.}) 45... Qc7 $2 ({Much less strong is} 45... cxd4 46. Bd2 $17) (45... c4 $1 $19 {has better winning chances. aiming for ...Qb1.} 46. Qc5 Qb1) 46. Qb2 c4 47. Qb6 (47. Bb5 $1 $15) 47... Bd8 $19 48. Qxc7 Bxc7 {[%mdl 4096] Endgame KBB-KBN} 49. Bb7 Nb5 50. Bb4 $2 (50. Bd2 {was forced.}) 50... c3 51. a6 Bb6 52. Bc6 c2 53. Bd2 Nxd4 54. Ba4 Kf6 55. g4 Ke7 $2 (55... g5 $19 {and Black stays clearly on top. Hoping for ...gxf4.} 56. fxg5+ hxg5) 56. Kf1 (56. Be3 $17) 56... Kd6 57. Bb4+ $2 {[#]} (57. Bc1) 57... Kc7 $1 58. Ba3 Kb8 59. Ke1 $2 (59. Bc1 Ka7 60. Ke1) 59... Ba5+ {Black is clearly winning.} 60. Kf2 Bd2 61. f5 c1=Q 62. Bxc1 Bxc1 63. Be8 gxf5 64. gxf5 Nxf5 65. Bxf7 Ng7 {Accuracy: White = 34%, Black = 52%.} 0-1

[Event "V Sunway Sitges Open 2018"]
[Site "Sitges"]
[Date "2018.12.17"]
[Round "4"]
[White "Meister, Peter"]
[Black "Inarkiev, Ernesto"]
[Result "0-1"]
[WhiteElo "2355"]
[BlackElo "2693"]
[Annotator "TA"]
[PlyCount "62"]
[EventDate "2018.12.14"]
[EventType "swiss"]
[EventCountry "ESP"]
[SourceTitle "playchess.com"]
[Source "ChessBase"]
[SourceQuality "1"]

{[%evp 18,62,39,18,28,0,0,0,0,0,0,-69,-60,-43,1,-108,-102,-97,-34,-150,-180,-172,-157,-168,-135,-262,-256,-223,-221,-271,-266,-260,-163,-396,-454,-605,-590,-573,-553,-498,-474,-1169,-947,-1282,-1225,-29992,-29993]} 1. d4 {[%cal Bd2d4,Bd4d5][%mdl 32]} Nf6 2. c4 g6 3. f3 c5 4. d5 d6 (4... e6 5. Nh3 d6 6. Nf2 b5 7. e4 Bg7 8. dxe6 Bxe6 9. cxb5 O-O 10. Be2 d5 11. O-O a6 12. a4 axb5 13. Bxb5 {1-0 (29) Ding,L (2778)-Vidit,S (2707) Liaocheng 2018}) 5. e4 Bg7 6. Ne2 {E60: King's Indian: Unusual lines and Fianchetto Variation without Nc3} e6 7. Bg5 h6 8. Be3 exd5 9. cxd5 b5 10. Ng3 {LiveBook: 3 Games} Nfd7 {[%cal Bf6d7,Bd7c5,Bc5b3,Bb3c1][%mdl 32]} 11. Qd2 b4 $146 12. a3 a5 $1 13. axb4 cxb4 14. Ra2 (14. Bd4 $11 O-O 15. Be2 (15. Bxg7 Kxg7 16. Qd4+ f6 $14)) 14... Nc5 $15 15. Bb5+ Bd7 16. Bxd7+ (16. Bxc5 $11 dxc5 17. Bc4) 16... Nbxd7 $17 17. O-O Qf6 (17... Qb6 $17) 18. Rf2 {[#]} (18. Ne2 $15) 18... O-O $1 {[%cal Bh8f8,Bf8c8,Bc8c2][%mdl 32]} 19. Ne2 Nb3 $36 {[%mdl 2048] Black is really pushing.} ({Don't do} 19... b3 20. Rxa5 Qxb2 21. Rxa8 $17) 20. Qd1 a4 21. Nc1 (21. Rf1 $17) 21... Nxc1 $19 22. Qxc1 Ne5 23. Qf1 Rfc8 {aiming for ...Nc4.} 24. Nd2 Rc2 25. Qb1 $2 (25. Qd1 Rcc8 26. Bd4) 25... Rac8 26. Nf1 b3 27. Rxa4 Nd3 28. Rd2 Nxb2 {Threatens to win with ...Qc3.} 29. Rb4 (29. Rad4 $142 R8c3 30. e5 Qxe5 31. Re4) 29... Qc3 30. Rb6 Rc1 {[%mdl 64] [#] Trapped Piece} 31. Qxb2 Qxe3+ $1 {[%mdl 64] Double Attack. Accuracy: White = 23%, Black = 76%.} 0-1

[Event "V Sunway Sitges Open 2018"]
[Site "Sitges"]
[Date "2018.12.17"]
[Round "4"]
[White "Krishna Teja, N."]
[Black "Beliavsky, Alexander G"]
[Result "1-0"]
[WhiteElo "2340"]
[BlackElo "2544"]
[Annotator "ChessBase"]
[PlyCount "80"]
[EventDate "2018.12.14"]
[EventType "swiss"]
[EventCountry "ESP"]
[SourceTitle "playchess.com"]
[Source "ChessBase"]
[SourceQuality "1"]
[TimeControl "40/5400+30:1800+30"]

1. d4 {[%emt 0:00:00]} d5 {[%emt 0:00:00]} 2. c4 {[%emt 0:00:00]} c6 {[%emt 0:00:00]} 3. Nc3 {[%emt 0:00:00]} dxc4 {[%emt 0:00:05]} 4. e3 {[%emt 0:01:13]} b5 {[%emt 0:02:58]} 5. a4 {[%emt 0:00:05]} b4 {[%emt 0:00:48]} 6. Ne4 {[%emt 0:00:34]} Qd5 {[%emt 0:01:27]} 7. Nd2 {[%emt 0:00:06]} Ba6 {[%emt 0:03:59]} 8. Qc2 {[%emt 0:00:50]} c3 {[%emt 0:19:42]} 9. bxc3 {[%emt 0:01:18]} Bxf1 {[%emt 0:00:09]} 10. Kxf1 {[%emt 0:00:03]} e6 {[%emt 0:02:15]} 11. c4 {[%emt 0:04:43]} Qh5 {[%emt 0:03:58]} 12. Ngf3 {[%emt 0:04:13]} a5 {[%emt 0:05:24]} 13. c5 {[%emt 0:00:46]} Nf6 {[%emt 0:00:40]} 14. h3 {[%emt 0:08:14]} Be7 {[%emt 0:02:26]} 15. Kg1 {[%emt 0:00:19]} O-O {[%emt 0:01:31]} 16. g4 {[%emt 0:05:11]} Qd5 {[%emt 0:00:54]} 17. e4 {[%emt 0:01:02]} Qd8 {[%emt 0:01:28]} 18. Nc4 {[%emt 0:01:31]} Qc7 {[%emt 0:14:37]} 19. Bg5 {[%emt 0:07:01]} Rd8 {[%emt 0:05:43]} 20. Bxf6 {[%emt 0:04:33]} gxf6 {[%emt 0:04:21]} 21. Qc1 {[%emt 0:11:19]} Nd7 {[%emt 0:00:54]} 22. g5 {[%emt 0:04:26]} f5 {[%emt 0:10:51]} 23. e5 {[%emt 0:07:27]} Nxc5 {[%emt 0:02:16]} 24. dxc5 {[%emt 0:00:43]} Bxc5 {[%emt 0:00:07]} 25. Kg2 {[%emt 0:09:21]} Rd3 {[%emt 0:03:01]} 26. Qf4 {[%emt 0:00:12]} Rad8 {[%emt 0:00:46]} 27. Rac1 {[%emt 0:03:35]} Qa7 {[%emt 0:03:01]} 28. Rhf1 {[%emt 0:03:15]} b3 {[%emt 0:01:54]} 29. Nb2 {[%emt 0:01:44]} R3d5 {[%emt 0:00:36]} 30. Qc4 {[%emt 0:00:19]} Rb8 {[%emt 0:02:11]} 31. Nd3 {[%emt 0:00:32]} Bf8 {[%emt 0:00:58]} 32. Rb1 {[%emt 0:00:30]} Qd7 {[%emt 0:02:56]} 33. Nf4 {[%emt 0:03:11]} Rb4 {[%emt 0:00:29]} 34. Nxd5 {[%emt 0:00:23]} cxd5 {[%emt 0:00:03]} 35. Qd3 {[%emt 0:01:33]} Qxa4 {[%emt 0:00:22]} 36. Rfc1 {[%emt 0:02:22]} b2 {[%emt 0:01:52]} 37. Rc8 {[%emt 0:02:09]} Kg7 {[%emt 0:02:05]} 38. Rc7 {[%emt 0:01:52]} Rc4 39. Rb7 {[%emt 0:02:48]} Ba3 {[%emt 0:01:58]} 40. Rb3 {[%emt 0:00:00]} Rc1 {[%emt 0:01:15]} 1-0

[Event "V Sunway Sitges Open 2018"]
[Site "Sitges"]
[Date "2018.12.17"]
[Round "4"]
[White "Esplugas Esteve, Vicenc"]
[Black "Henderson De La Fuente, Lance"]
[Result "1/2-1/2"]
[WhiteElo "2330"]
[BlackElo "2484"]
[Annotator "TA"]
[PlyCount "63"]
[EventDate "2018.12.14"]
[EventType "swiss"]
[EventCountry "ESP"]
[SourceTitle "playchess.com"]
[Source "ChessBase"]
[SourceQuality "1"]

{[%evp 14,63,15,24,58,25,64,39,106,0,5,0,31,43,37,31,40,-53,15,-34,-25,-23,-14,-15,0,11,10,0,19,14,29,0,24,25,35,14,13,15,14,11,20,0,56,8,7,8,8,8,18,0,0,0]} 1. d4 e6 2. c4 f5 3. Nc3 Nf6 4. Nf3 b6 5. a3 Bb7 6. d5 Bd6 7. g3 {A40: Unusual replies to 1 d4} O-O 8. Bg2 {LiveBook: 38 Games} c6 {[%cal Rc6d5]} (8... Na6 9. O-O Nc5 10. Nd4 Qe7 11. b4 Nce4 12. Bb2 Nxc3 13. Bxc3 Ne4 14. Bb2 exd5 15. cxd5 Bxd5 {0-1 (58) Rozum,I (2573)-Alekseev,E (2620) Sochi 2018}) 9. Nd4 {White is slightly better.} c5 $146 ({Predecessor:} 9... Qe7 10. O-O Be5 11. Bf4 Bxf4 12. gxf4 Ne4 13. Qd3 exd5 14. cxd5 cxd5 {½-½ (57) Akdag,D (2188)-Jakobsen,O (2344) Borup 2009}) 10. Ndb5 Be5 ({Better is} 10... Be7 $1 $14) 11. f4 (11. O-O $16) 11... Bxc3+ $1 $11 12. Nxc3 Kh8 13. b3 exd5 14. cxd5 d6 15. Bh3 (15. O-O $14) 15... b5 ({Black should play} 15... Na6 $15) 16. Bg2 Nbd7 17. O-O Nb6 18. Qd3 b4 19. axb4 cxb4 20. Nb5 Bxd5 21. Bxd5 Nbxd5 22. Bb2 Nc3 23. Nxc3 {[#] Strongly threatening Nd5.} Qb6+ 24. e3 bxc3 25. Bxc3 Qxb3 26. Rfb1 Qe6 27. Rb7 Kg8 (27... a5 $11) 28. Raxa7 Rxa7 {The position is equal.} 29. Rxa7 Rf7 30. Ra8+ Rf8 31. Ra7 Rf7 32. Ra8+ {Accuracy: White = 45%, Black = 23%.} 1/2-1/2

[Event "V Sunway Sitges Open 2018"]
[Site "Sitges"]
[Date "2018.12.17"]
[Round "4"]
[White "Dhulipalla Bala Chandra Prasa"]
[Black "Gukesh, D."]
[Result "0-1"]
[WhiteElo "2328"]
[BlackElo "2466"]
[Annotator "TA"]
[PlyCount "124"]
[EventDate "2018.12.14"]
[EventType "swiss"]
[EventCountry "ESP"]
[SourceTitle "playchess.com"]
[Source "ChessBase"]
[SourceQuality "1"]

{[%evp 20,124,15,17,36,26,27,27,31,33,31,31,32,19,45,33,37,0,7,0,8,-6,39,22,58,50,57,66,51,14,52,58,66,37,16,0,20,11,6,0,16,0,23,-78,-87,-91,-83,-77,-76,-91,-62,-132,-125,-121,-134,-129,-136,-136,-136,-121,-137,-212,-212,-204,-199,-208,-205,-206,-206,-206,-206,-198,-175,-174,-174,-330,-324,-349,-274,-358,-245,-387,-387,-576,-568,-531,-526,-460,-260,-455,-437,-414,-414,-733,-770,-583,-537,-473,-429,-826,-816,-1046,-1035,-849,-814,-711,-695]} 1. d4 Nf6 2. c4 e6 3. g3 d5 4. Nf3 dxc4 5. Bg2 Bb4+ 6. Bd2 a5 7. Qc2 {E04: Open Catalan: 5 Nf3} Bxd2+ 8. Qxd2 c6 9. a4 Ne4 10. Qc2 Nd6 11. O-O {LiveBook: 3 Games} b5 $146 ({Predecessor:} 11... Na6 12. Ne5 Nb4 13. Qc1 O-O {0-1 (38) Yankelevich,L (2442)-Ragger,M (2659) Germany 2018}) 12. Nbd2 Bb7 13. b3 cxb3 14. Nxb3 O-O 15. Ne5 {[%mdl 1024] White has compensation.} b4 16. Rfc1 Nf5 17. Qb2 Ne7 18. Nc5 Ra7 19. e4 Ba6 20. Bh3 Qd6 21. Nb3 f6 22. Nf3 Bc8 $1 23. Nfd2 f5 24. Rc5 fxe4 25. Nxe4 Qd8 $1 26. Re5 Ng6 27. Rc5 e5 28. Bg2 exd4 29. Nxd4 Kh8 30. h4 Rd7 31. Nxc6 (31. Rd1 $11 {keeps the balance.}) 31... Nxc6 $17 32. Rxc6 Bb7 $36 {[%mdl 2048] Keeping White busy.} 33. Rc2 Re7 34. Re2 Rfe8 {[%cal Rb7e4]} 35. Ng5 (35. Rae1 $15) 35... Rxe2 {[#]} 36. Qxe2 $1 {[%mdl 512]} Rxe2 37. Nf7+ Kg8 {( -> ...Qd4)} 38. Nxd8 Bxg2 39. Kxg2 {[%mdl 4096] Endgame KRN-KRN} Ne5 $1 {Hoping for ...b3.} 40. Nb7 {[#]} (40. Rb1 $17 {might work better.}) 40... b3 $1 $19 {[%cal Bb4b3,Bb3b2][%mdl 32]} 41. Nxa5 b2 42. Rb1 Nd3 43. Nc4 Rxf2+ 44. Kh3 {[#]} Rc2 $1 {[%cal Rc2c4]} 45. Nxb2 Nxb2 {KRN-KR} 46. a5 Nd3 47. a6 $2 (47. Kg4) 47... Ra2 48. Rb8+ Kf7 49. Rb7+ Kf6 50. Rb6+ (50. a7 $142) 50... Kf5 51. Rb7 (51. Rb5+ {only move.} Ke4 52. h5) 51... Nf2+ 52. Kg2 {intending Rf7+.} Ng4+ 53. Kf1 Kg6 (53... h5 $142 54. Ke1 Rxa6 55. Rxg7 Ke4) 54. a7 $2 (54. h5+ {was forced.} Kxh5 55. Rxg7 Ne3+ 56. Kg1) 54... Ne3+ 55. Ke1 Nf5 56. Rb6+ (56. Kd1 $142 Nxg3 57. Kc1) 56... Kh5 {Black is clearly winning.} 57. Rb7 Kh6 58. g4 Nxh4 59. Kf1 (59. Kd1 $142 Ng2 60. Re7) 59... Nf3 60. Rb6+ g6 61. Rb7 Nh2+ 62. Ke1 Nxg4 {Accuracy: White = 37%, Black = 64%.} 0-1

[Event "V Sunway Sitges Open 2018"]
[Site "Sitges"]
[Date "2018.12.17"]
[Round "4"]
[White "Cruz, Filemon"]
[Black "Romanishin, Oleg M"]
[Result "1/2-1/2"]
[WhiteElo "2289"]
[BlackElo "2451"]
[Annotator "ChessBase"]
[PlyCount "73"]
[EventDate "2018.12.14"]
[EventType "swiss"]
[EventCountry "ESP"]
[SourceTitle "playchess.com"]
[Source "ChessBase"]
[SourceQuality "1"]
[TimeControl "40/5400+30:1800+30"]

1. d4 Nf6 2. c4 e6 3. Nf3 b6 4. g3 Ba6 5. b3 Bb7 6. Bg2 Bb4+ 7. Bd2 a5 8. O-O O-O 9. Bf4 {[%emt 0:09:17]} a4 {[%emt 0:13:24]} 10. Nbd2 d5 11. Qc2 {[%emt 0:02:21]} Nc6 {[%emt 0:10:23]} 12. Rad1 {[%emt 0:10:33]} Be7 {[%emt 0:14:44]} 13. Qb2 {[%emt 0:04:29]} Ra7 {[%emt 0:15:04]} 14. Ne5 {[%emt 0:04:47]} Qa8 {[%emt 0:02:57]} 15. cxd5 {[%emt 0:25:20]} Nxe5 {[%emt 0:03:50]} 16. Bxe5 {[%emt 0:00:53]} Bxd5 {[%emt 0:06:45]} 17. e4 {[%emt 0:05:28]} Nxe4 {[%emt 0:03:59]} 18. Bxe4 {[%emt 0:00:12]} Bxe4 {[%emt 0:00:19]} 19. d5 {[%emt 0:00:06]} Bxd5 {[%emt 0:11:19]} 20. Bxg7 {[%emt 0:00:17]} axb3 {[%emt 0:07:59]} 21. Bh6 {[%emt 0:01:04]} f6 {[%emt 0:00:40]} 22. Bxf8 {[%emt 0:00:07]} Rxa2 {[%emt 0:00:35]} 23. Qc3 {[%emt 0:01:00]} Kxf8 {[%emt 0:01:19]} 24. Qxc7 {[%emt 0:00:50]} Rc2 25. Qf4 {[%emt 0:02:37]} b2 {[%emt 0:04:20]} 26. Rfe1 {[%emt 0:01:33]} Qc6 {[%emt 0:00:29]} 27. Nf1 {[%emt 0:02:01]} Ba2 {[%emt 0:02:57]} 28. h4 {[%emt 0:05:44]} b1=Q {[%emt 0:00:42]} 29. Rxb1 {[%emt 0:00:06]} Bxb1 {[%emt 0:00:06]} 30. Rxb1 {[%emt 0:00:03]} Qc5 {[%emt 0:01:17]} 31. Ra1 {[%emt 0:02:00]} Qf5 {[%emt 0:01:24]} 32. Qxf5 {[%emt 0:01:02]} exf5 {[%emt 0:00:02]} 33. Ne3 {[%emt 0:00:06]} Rc5 {[%emt 0:00:17]} 34. Ra7 b5 {[%emt 0:00:23]} 35. Rb7 {[%emt 0:00:32]} Re5 {[%emt 0:00:48]} 36. Kg2 {[%emt 0:00:29]} f4 {[%emt 0:00:47]} 37. gxf4 1/2-1/2

[Event "V Sunway Sitges Open 2018"]
[Site "Sitges"]
[Date "2018.12.17"]
[Round "4"]
[White "Jimenez Ruano, Adrian"]
[Black "Ivanchuk, Vassily"]
[Result "0-1"]
[WhiteElo "2245"]
[BlackElo "2717"]
[Annotator "TA"]
[PlyCount "104"]
[EventDate "2018.12.14"]
[EventType "swiss"]
[EventCountry "ESP"]
[SourceTitle "playchess.com"]
[Source "ChessBase"]
[SourceQuality "1"]

{[%evp 22,104,18,0,31,18,52,10,48,19,22,17,24,14,13,0,7,6,6,6,0,0,10,5,12,12,10,4,0,0,0,0,0,-16,-11,-22,-20,-22,-18,-21,0,0,0,0,0,0,0,0,0,0,0,0,0,-11,0,0,0,0,0,-21,0,0,0,0,0,-42,-12,-11,-30,-71,-82,-729,-706,-756,-738,-718,-623,-29973,-29973,-29972,-29973,-29973,-29974,-29974,-29974]} 1. d4 Nf6 2. c4 e6 3. Nc3 Bb4 4. e3 O-O 5. Bd3 c5 6. Nge2 d5 7. cxd5 cxd4 8. exd4 Nxd5 9. O-O Nc6 10. Nxd5 exd5 {E48: Nimzo-Indian: Rubinstein: 5 Bd3 d5 including 6 Ne2, but excluding 6 a3} 11. Nf4 Bd6 12. Be3 {LiveBook: 14 Games} Ne7 $146 {The position is equal.} ({Predecessor:} 12... Bxf4 13. Bxf4 Qf6 14. Be3 Bf5 15. Bxf5 Qxf5 16. Qb3 Qd7 17. Rac1 Rfc8 18. Rc5 {0-1 (51) Tregubov,P (2597)-Harikrishna,P (2737) Germany 2016}) 13. Qb3 b6 14. Rac1 Bb7 15. Bb1 Qd7 16. Qd3 {[%csl Gb1][%cal Rd3h7]} g6 17. Nh5 f6 18. Bf4 Nc6 19. a3 Rf7 20. Bxd6 Qxd6 21. Ng3 Re8 22. Rfe1 Rfe7 23. Rxe7 Rxe7 24. Ba2 Kg7 25. Qd2 Ba6 26. h3 h5 27. Qc3 Nd8 28. Re1 Rxe1+ 29. Qxe1 Ne6 30. Qe3 Nf4 31. h4 Qc7 32. Bb1 Kf7 33. Qd2 f5 34. Ba2 Kf6 35. Qe3 Bb5 36. Qd2 a5 37. Qe3 Qd6 38. Qd2 Bc4 39. Bb1 Ke6 40. Qe3+ Kd7 41. Bc2 Kc7 42. Qc3 Kb7 43. Bb3 Bxb3 44. Qxb3 Qe7 {Hoping for ...Qe1+.} 45. Qf3 Qxh4 {Strongly threatening ...Qg4.} 46. Nxf5 $2 {[%mdl 8192]} (46. b3 $17) 46... gxf5 $19 47. g3 Nh3+ {[%mdl 64] Discovered Attack} 48. Kg2 Qxd4 49. Qxf5 {[#]} Qxf2+ $1 {Black mates.} 50. Qxf2 Nxf2 51. Kxf2 Kc6 52. Ke2 a4 {Accuracy: White = 41%, Black = 66%.} 0-1

[Event "V Sunway Sitges Open 2018"]
[Site "Sitges"]
[Date "2018.12.17"]
[Round "4"]
[White "Skagseth, Havard M"]
[Black "Linsenmeyer, Mario"]
[Result "0-1"]
[WhiteElo "2002"]
[BlackElo "2172"]
[Annotator "NA"]
[PlyCount "84"]
[EventDate "2018.12.14"]
[EventType "swiss"]
[EventCountry "ESP"]
[SourceTitle "playchess.com"]
[Source "ChessBase"]
[SourceQuality "1"]
[TimeControl "40/5400+30:1800+30"]

1. e4 {[%emt 0:00:33]} e5 {[%emt 0:00:00]} 2. Nf3 {[%emt 0:00:10]} Nf6 {[%emt 0:00:00]} 3. Nxe5 {[%emt 0:00:16]} d6 {[%emt 0:00:00]} 4. Nf3 {[%emt 0:00:07]} Nxe4 {[%emt 0:00:00]} 5. Nc3 {[%emt 0:00:28]} Nxc3 {[%emt 0:00:04]} 6. dxc3 {[%emt 0:00:10]} Be7 {[%emt 0:00:07]} 7. Be3 {[%emt 0:00:11]} O-O {[%emt 0:00:18]} 8. Qd2 {[%emt 0:00:14]} Nd7 {[%emt 0:00:11]} 9. O-O-O {[%emt 0:00:17]} Nf6 {[%emt 0:00:10]} 10. Bd3 {[%emt 0:00:39]} c5 {[%emt 0:00:12]} 11. Rhe1 {[%emt 0:01:49]} d5 {[%emt 0:01:37]} 12. Kb1 {[%emt 0:09:48]} b5 {[%emt 0:09:35]} 13. Ne5 {[%emt 0:06:02]} Bd6 {[%emt 0:06:46]} 14. Bg5 {[%emt 0:00:34]} c4 {[%emt 0:26:10]} 15. Bf1 {[%emt 0:04:48]} Be6 {[%emt 0:01:33]} 16. Nc6 {[%emt 0:02:58]} Qb6 {[%emt 0:01:08]} 17. Bxf6 {[%emt 0:00:27]} gxf6 {[%emt 0:00:06]} 18. Nd4 {[%emt 0:00:31]} Rfe8 {[%emt 0:06:12]} 19. Qh6 {[%emt 0:03:16]} Bf8 {[%emt 0:03:40]} 20. Qxf6 {[%emt 0:01:07]} Bg7 {[%emt 0:00:13]} 21. Qf4 {[%emt 0:04:32]} Bd7 {[%emt 0:04:44]} 22. Rxe8+ {[%emt 0:14:49]} Rxe8 {[%emt 0:00:15]} 23. Qd2 {[%emt 0:00:37]} b4 {[%emt 0:01:33]} 24. Ka1 {[%emt 0:04:50]} bxc3 {[%emt 0:06:06]} 25. bxc3 {[%emt 0:00:13]} Rb8 {[%emt 0:00:10]} 26. Qc1 {[%emt 0:02:43]} Bh6 {[%emt 0:00:21]} 27. Qa3 {[%emt 0:02:13]} Bf8 {[%emt 0:06:18]} 28. Qc1 {[%emt 0:00:10]} Qa5 {[%emt 0:02:53]} 29. Qe3 {[%emt 0:03:28]} Qb6 {[%emt 0:04:30]} 30. Qc1 {[%emt 0:00:23]} h6 {[%emt 0:03:04]} 31. Ne2 {[%emt 0:03:23]} Be6 {[%emt 0:01:48]} 32. Qb1 {[%emt 0:07:12]} Qc7 {[%emt 0:00:27]} 33. Qc1 {[%emt 0:00:06]} Kh7 {[%emt 0:00:37]} 34. g3 {[%emt 0:02:37]} Qa5 {[%emt 0:00:53]} 35. Qf4 {[%emt 0:01:27]} Qb6 {[%emt 0:00:07]} 36. Qc1 {[%emt 0:00:20]} Rb7 {[%emt 0:01:31]} 37. Bg2 {[%emt 0:05:11]} Qa5 38. Bxd5 {[%emt 0:05:08]} Bxd5 {[%emt 0:01:30]} 39. Qf4 {[%emt 0:00:26]} Qb5 {[%emt 0:02:35]} 40. Qc1 {[%emt 0:00:00]} Bf3 {[%emt 0:00:00]} 41. Nd4 {[%emt 0:03:06]} Qa5 {[%emt 0:02:52]} 42. Qe3 {[%emt 0:00:30]} Qb6 {[%emt 0:00:11]} 0-1

[Event "V Sunway Sitges Open 2018"]
[Site "Sitges"]
[Date "2018.12.17"]
[Round "4"]
[White "Prieto, Alberto"]
[Black "Lorenzo Duran, Marcos"]
[Result "0-1"]
[WhiteElo "1953"]
[BlackElo "2149"]
[Annotator "NA"]
[PlyCount "76"]
[EventDate "2018.12.14"]
[EventType "swiss"]
[EventCountry "ESP"]
[SourceTitle "playchess.com"]
[Source "ChessBase"]
[SourceQuality "1"]
[TimeControl "40/5400+30:1800+30"]

1. e4 {[%emt 0:00:00]} e5 {[%emt 0:00:00]} 2. f4 {[%emt 0:00:12]} exf4 {[%emt 0:00:02]} 3. Nc3 {[%emt 0:00:37]} Qh4+ {[%emt 0:07:53]} 4. Ke2 {[%emt 0:00:12]} d6 {[%emt 0:04:08]} 5. d4 {[%emt 0:00:44]} g5 {[%emt 0:09:57]} 6. Nd5 {[%emt 0:02:56]} Na6 {[%emt 0:05:06]} 7. Nf3 {[%emt 0:01:16]} Bg4 {[%emt 0:00:24]} 8. Kd2 {[%emt 0:07:00]} Qf2+ {[%emt 0:05:44]} 9. Qe2 {[%emt 0:01:31]} Qxe2+ {[%emt 0:00:08]} 10. Bxe2 {[%emt 0:00:10]} Bxf3 {[%emt 0:00:14]} 11. gxf3 {[%emt 0:00:27]} Kd7 {[%emt 0:01:09]} 12. h4 {[%emt 0:01:54]} c6 {[%emt 0:00:46]} 13. Bxa6 {[%emt 0:04:51]} bxa6 {[%emt 0:00:10]} 14. Nb4 {[%emt 0:02:03]} f6 {[%emt 0:07:28]} 15. Nd3 {[%emt 0:04:35]} Ne7 {[%emt 0:00:57]} 16. e5 {[%emt 0:02:57]} Ng6 {[%emt 0:03:38]} 17. h5 {[%emt 0:07:00]} Nh4 {[%emt 0:00:21]} 18. Rh3 {[%emt 0:00:50]} fxe5 {[%emt 0:02:39]} 19. dxe5 {[%emt 0:00:50]} Nf5 {[%emt 0:01:51]} 20. b3 {[%emt 0:02:00]} Bg7 {[%emt 0:07:31]} 21. Bb2 {[%emt 0:00:21]} h6 {[%emt 0:00:46]} 22. Re1 {[%emt 0:01:19]} Rhe8 {[%emt 0:00:34]} 23. Rhh1 {[%emt 0:01:19]} Bh8 {[%emt 0:04:19]} 24. Re4 {[%emt 0:02:02]} Ng3 {[%emt 0:00:45]} 25. Rhe1 {[%emt 0:03:01]} Nxe4+ {[%emt 0:00:11]} 26. Rxe4 {[%emt 0:00:14]} Rad8 {[%emt 0:06:01]} 27. Ra4 {[%emt 0:01:27]} Kc8 {[%emt 0:00:48]} 28. Rxa6 {[%emt 0:00:35]} Kb7 {[%emt 0:00:12]} 29. Ra4 {[%emt 0:00:46]} Bxe5 {[%emt 0:02:39]} 30. Bxe5 {[%emt 0:01:26]} dxe5 {[%emt 0:00:07]} 31. Ke2 {[%emt 0:00:10]} Rd4 {[%emt 0:08:36]} 32. b4 {[%emt 0:02:41]} Rc4 {[%emt 0:03:16]} 33. Nc5+ {[%emt 0:06:38]} Ka8 {[%emt 0:00:45]} 34. Kd3 {[%emt 0:00:45]} Rd4+ {[%emt 0:00:41]} 35. Kc3 {[%emt 0:03:32]} g4 {[%emt 0:00:41]} 36. fxg4 {[%emt 0:01:52]} f3 {[%emt 0:02:44]} 37. Nd3 {[%emt 0:01:36]} Rxd3+ {[%emt 0:00:33]} 38. Kxd3 {[%emt 0:00:16]} Rf8 {[%emt 0:00:13]} 0-1